01670nam a2200385 a 4500001001000000003000500010005001700015008004100032010001100073011001100084040000900095090001000104100003500114245016800149260004100317500006000358502009900418590004100517590003700558590004000595590004000635650004300675650003100718650004900749650004500798650003700843856001600880856007000896901000700966942001000973942000600983999001900989952013601008952014001144000113038CHAP20220329144334.0170327s2016 mx sm |||||||spa d a109499 a110471 cCHAP aTesis1 aChi Can, Julio César913180610aMedición de parámetros de temperatura, ruido y vibración en el comportamiento del operador de un tractor agrícolah[En línea]cpor Julio César Chi Can. aChapingo, Méx. :bEl autor,c2016. aPara ver el contenido del material haga clic en la liga aTesis (Ing. Mecánico Agrícola) -- UACH. Departamento de Ingeniería Mecánica Agrícola aBATCH-UPDb05c20170327lUCH01h0914 aBATCHb00c20181121lUCH01h0759 aE5765TAJb05c20170327lUCH01h0913 aE5765TAJb05c20170327lUCH01h091414aRuidoxEfectos fisiológicos.913180814aRuidoxMedición.913180714aTemperaturaxEfectos fisiológicos.911223014aTractoresxMedidas de seguridad.911458314aVibraciónxMediciones.9125998 a1 n0001597 aFinding aiduhttp://10.13.5.2/tesis/sist113038.pdfzTeclea aquí aBK cTESIS n0 c109499d109499 00104054718TESISaBCbBCd2017-03-27fTESISl0oTesisp33724002529743r2019-12-31 00:00:00w2019-12-31yTESISzRecien adquirido 00102local4053708TESISaBCbBCcPA_TESISd2017-03-27fTESISl0oTesisp33724002529785r2019-12-31 00:00:00tc.2w2019-12-31yTESIS